Právní ochrana designu - průmyslové vzory, autorská díla

Salvato in:
Dettagli Bibliografici
Autore principale: Koukal, Pavel
Natura: Libro
Lingua:ceco
Pubblicazione: Praha Wolters Kluwer 2012
Serie:Právní monografie
Soggetti:
Tags: Aggiungi Tag
Nessun Tag, puoi essere il primo ad aggiungerne!!

MARC

LEADER 00000nam a2200000 4500
001 0209080
005 20240313090300.8
020 |a 978-80-7357-886-2 
041 0 |a cze 
044 |a CZ 
245 1 0 |a Právní ochrana designu - průmyslové vzory, autorská díla  |c Pavel Koukal 
264 1 |a Praha  |b Wolters Kluwer  |c 2012 
300 |a xv, 139 s. 
490 1 |a Právní monografie 
830 0 |a Právní monografie 
610 2 0 |a ochrana právna 
610 2 0 |a dizajn 
610 2 0 |a dizajn priemyselný 
610 2 0 |a diela autorské 
610 2 0 |a právo autorské 
100 1 |a Koukal, Pavel